Italian made easy / (Record no. 357883)
[ view plain ]
| 000 -LEADER | |
|---|---|
| fixed length control field | 00548nam a2200193Ia 4500 |
| 008 - FIXED-LENGTH DATA ELEMENTS--GENERAL INFORMATION | |
| fixed length control field | 180523s9999 xx 000 0 und d |
| 020 ## - INTERNATIONAL STANDARD BOOK NUMBER | |
| International Standard Book Number | 978-81-7245-468-5 |
| 050 ## - LIBRARY OF CONGRESS CALL NUMBER | |
| Classification number | REF PC 1121 |
| 050 ## - LIBRARY OF CONGRESS CALL NUMBER | |
| Item number | .V37 |
| 100 ## - MAIN ENTRY--PERSONAL NAME | |
| Personal name | Varma, Rashmi |
| 245 #0 - TITLE STATEMENT | |
| Title | Italian made easy / |
| 245 #0 - TITLE STATEMENT | |
| Statement of responsibility, etc | by Rashmi Varma, Diego A. Agundez. |
| 260 ## - PUBLICATION, DISTRIBUTION, ETC. (IMPRINT) | |
| Place of publication, distribution, etc | New Delhi, India : |
| 260 ## - PUBLICATION, DISTRIBUTION, ETC. (IMPRINT) | |
| Name of publisher, distributor, etc | Goodwill Publishing House, |
| 300 ## - PHYSICAL DESCRIPTION | |
| Extent | 200 pages: |
| 300 ## - PHYSICAL DESCRIPTION | |
| Other physical details | illustrations ; |
| 300 ## - PHYSICAL DESCRIPTION | |
| Dimensions | 22 cm. |
| 650 ## - SUBJECT ADDED ENTRY--TOPICAL TERM | |
| Topical term or geographic name as entry element | Italian language -- Conversation and phrase books -- English. |
| Withdrawn status | Lost status | Damaged status | Home library | Current library | Shelving location | Date acquired | Cost, normal purchase price | Total Checkouts | Full call number | Barcode | Date last seen | Price effective from | Koha item type |
|---|---|---|---|---|---|---|---|---|---|---|---|---|---|
| South Mansfield College | South Mansfield College | Reference Section | 02/14/2017 | 378.10 | REF PC 1121 .V37 | SMC06091 | 05/23/2018 | 05/23/2018 | Books |